000 00720nam a22001577a 4500
003 OSt
005 20151209160921.0
008 151209b xxu||||| |||| 00| 0 eng d
040 _cRUA
082 _aATM LY 2004 B200 Or.1
100 _94616
_aLY, HONGSRENG.
245 _aThe situation of catfish (pangasius sp) culture in chhnuk tru and phsachhnang communes kampong chhnang province, ស្ថានភាពនៃការចិញ្ចឹមត្រីប្ករតាមបែនៅឃុំឆ្នុកទ្រូ និងឃុំផ្សារឆ្នាំង ខេត្តកំពង់ឆ្នាំង
260 _aPhnom Penh
_bRUA
_c29cm.
300 _aix; 54p.
_bill.
_c29cm.
942 _2ddc
_cATM
999 _c4301
_d4301